Olympia 2026 Medaillenspiegel - Statistiken

Allgemein
  • Dieses Quiz wurde 61 mal gespielt
  • Das Durchschnittsergebnis liegt bei 23 aus 29
Antwortstatistiken
Gesamt Gold Silber Bronze Antwort % Korrekt
26 8 10 8 Deutschland
100%
41 18 12 11 Norwegen
100%
33 12 12 9 USA
100%
18 8 6 4 Schweden
98%
15 5 4 6 China
97%
6 0 1 5 Finnland
97%
23 6 9 8 Schweiz
97%
23 8 9 6 Frankreich
95%
30 10 6 14 Italien
95%
18 5 8 5 Österreich
93%
24 5 7 12 Japan
92%
21 5 7 9 Kanada
90%
1 1 0 0 Brasilien
88%
6 3 2 1 Australien
86%
3 1 0 2 Spanien
86%
10 3 4 3 Südkorea
86%
4 0 3 1 Polen
80%
20 10 7 3 Niederlande
78%
5 2 2 1 Tschechien
76%
1 0 1 0 Dänemark
73%
3 0 2 1 Neuseeland
73%
1 0 0 1 Belgien
71%
4 2 1 1 Slowenien
69%
1 0 1 0 Estland
68%
5 3 1 1 Großbritannien
68%
2 0 1 1 Lettland
68%
2 0 0 2 Bulgarien
46%
1 1 0 0 Kasachstan
46%
1 0 1 0 Georgien
19%
Keine übereinstimmenden Quizze gefunden
Verteilung der Resultate
Anzahl Personen mit jedem Resultat
Perzentil nach korrekt beantworteten Fragen
Ihre Resultats-Entwicklung
Sie haben dieses Quiz noch nicht gespielt